000 00381nam a22001697a 4500
999 _c11463
_d11463
003 OSt
008 220823b ||||| |||| 00| 0 eng d
020 _a9789339203467
082 _a346.065 TUB
100 _aTULSIAN,P.C.
245 _aBusiness Law
250 _a3rd
260 _aNew Delhi
_bMcgraw Hill
_c2021
300 _aMISC
700 _aTULSIAN,Bharat
942 _2ddc
_cBK